000 01390nam0a22003011 4500
001 rc\4067946
005 20260406153341.0
021 _aRU
_b[48-34910]
035 _a(NLR Aleph) 008117620
090 _a9344108
_c9344108
100 _a20130415d1948 |||y0rusy50 ca
101 0 _arus
102 _aRU
105 _ay z |||a|
200 1 _aПоход продолжается
_e[Стихи]
210 _aЛенинград
_cМол. гвардия
_d1948
_gтип. № 2 Упр. изд-в и полиграфии Ленгорисполкома
215 _a104 с.
_cзаставки
_d16
300 _aПеред загл. авт.: Сергей Орлов
327 0 _aРазделы: Вдоль по реке; Смотровая щель; Площадь Революции
464 0 _12001#$aВдоль по реке$aСмотровая щель$aПлощадь Революции
_tПлощадь Революции
606 _aВеликая Отечественная война (х. л.)
_2psbo
606 _aКрасная Армия на фронтах Великой Отечественной войны (х. л.)
_2psbo
700 1 _8rus
_7ca
_aОрлов
_bС. С.
_cпоэт
_f1921-1977
_gСергей Сергеевич
_3RU\NLR\AUTH\776319
_9116273
801 0 _aRU
_bNLR
_gpsbo
801 1 _aRU
_bELAR
_2rusmarc
852 _aNLR
_jЛ30 Г-1/909
942 _cBOOK
980 _aNB